| 000 | 00652cab a2200265 4500 | ||
|---|---|---|---|
| 001 | ABS53390 | ||
| 008 | 090401t1995 xxu||||| |||| 00| 0 eng d | ||
| 035 | _a(Sirsi) u3887 | ||
| 041 | _aeng | ||
| 245 | _aEstates Times Survey Grampian & Tayside | ||
| 260 | _c1995 | ||
| 350 | _a0 | ||
| 490 |
_aEstates Times _v(1291) 25 August 1995, 9-13(5) |
||
| 650 | _aABERDEEN | ||
| 650 | _aDUNDEE | ||
| 650 | _aGRAMPIAN REGION | ||
| 650 | _aINDUSTRIAL | ||
| 650 | _aOFFICES | ||
| 650 | _aPERTH | ||
| 650 | _aRETAIL | ||
| 650 | _aSCOTLAND | ||
| 690 | _aPROPERTY-COMMERCIAL PROPERTY-COMMERCIAL PROPERTY MARKET | ||
| 942 | _n0 | ||
| 948 | _c04/03/1997 | ||
| 999 |
_c2345 _d2345 |
||